Doctrinas esenciales: Gaceta Jurídica. Derecho penal

Saved in:
Bibliographic Details
Main Author: Verdugo Marinkovic, Mario (Author)
Other Authors: Hernández Emparanza, Domingo (autor)
Format: Book
Language:Spanish
Published: Santiago Legal Publishing 2011
Edition:1a. ed
Subjects:
Tags: Add Tag
No Tags, Be the first to tag this record!

MARC

LEADER 00000cam a2200000 a 4500
001 UCG9563
003 CL-VaPUC
008 120323e20110000CL |||||||||||||||||spa|d
020 |a 9789562389907o.c 
020 |a 9789563460230t.1 
020 |a 9789563460247t.2 
082 0 4 |a 345.83  |b VER  |2 21 
100 0 |a Verdugo Marinkovic, Mario  |e author  |9 561172 
700 |a Hernández Emparanza, Domingo  |e autor  |9 561173 
245 1 0 |a Doctrinas esenciales: Gaceta Jurídica. Derecho penal 
250 |a 1a. ed 
300 |a t 
942 |c BK 
945 |d 20120323 00:00:00  |a cmena 
260 |a Santiago  |b Legal Publishing  |c 2011 
500 |a t.1: 1976-2010 
650 7 |a DERECHO PENAL  |2 CL-VaPUC  |9 11 
650 0 |a Código penal chileno  |9 484032 
650 0 |a Código procesal penal  |9 432657 
650 0 |a Delitos  |9 224143 
650 0 |a Reforma procesal penal   |9 471095 
583 |a last modification  |c 20120323 11:52:00  |k Rodrigo Vera 
999 |c 347110  |d 347108 
952 |0 0  |1 0  |4 0  |6 345_830000000000000_VER_2011  |7 0  |8 A  |9 448224  |a BIBDER  |b BIBDER  |d 2019-11-22  |h t.1  |i 4833694  |o 345.83 VER 2011  |p 4833694  |r 2023-01-25  |w 2019-11-22  |y BK  |k DER 
952 |0 0  |1 0  |4 0  |6 345_830000000000000_VER_2011  |7 0  |8 A  |9 448225  |a BIBDER  |b BIBDER  |d 2019-11-22  |h t.2  |i 4833708  |l 1  |o 345.83 VER 2011  |p 4833708  |r 2024-07-02  |s 2024-06-17  |w 2019-11-22  |y BK  |k DER